000
00257nam a2200097Ia 4500
001
1090074
005
20250827002834.0
008
250824s9999 xx 000 0 und d
245
0
_a
ÖZGÜRLÜĞE KAÇIŞIM
_c
ALİYA İZETBEGOVİÇ
260
_b
KETEBE YAYINLARI
999
_c
1090074
_d
1090074